Govt. of
Madhya Pradesh

Art and Society (Record no. 63501)

MARC details
000 -LEADER
fixed length control field 00233nam a22001097a 4500
082 ## - DEWEY DECIMAL CLASSIFICATION NUMBER
Classification number 700
100 ## - MAIN ENTRY--AUTHOR NAME
Personal name Kumar Binoy
245 ## - TITLE STATEMENT
Title Art and Society
260 ## - PUBLICATION, DISTRIBUTION, ETC. (IMPRINT)
Place of publication Delhi
Name of publisher Iswar Books
Year of publication 2018
650 ## - SUBJECT ADDED ENTRY--TOPICAL TERM
Topical Term Art
942 ## - ADDED ENTRY ELEMENTS (KOHA)
Koha item type Books
Holdings
Withdrawn status Lost status Damaged status Not for loan Home library Current library Date acquired Cost, normal purchase price Full call number Accession Number Price effective from Koha item type
        MACL MACL 04/10/2020 1495.00 700 CRE037499 04/10/2020 Books